| 000 | 00509 a2200169 4500 | ||
|---|---|---|---|
| 005 | 20250628054336.0 | ||
| 020 | _a978-0-07-305151-2 | ||
| 082 | _a302.2 FEL | ||
| 100 | _aFELLMANN, J.D. | ||
| 245 | _aHuman Geography: Landscapes of Human Activities | ||
| 250 | _a10th Ed. | ||
| 260 |
_aNewYork, _bMcGraw-Hill Companies,Inc., _c2008. |
||
| 300 |
_axviii,516p.:ill.;figures and pictures _bAppendix,Bibliography, Glossary and Index _c29cm |
||
| 700 | _aGetis,Arthur | ||
| 700 | _aGetis,Judith | ||
| 942 |
_2ddc _cBKS |
||
| 999 |
_c5801 _d5801 |
||